Statistiques concernant Jours de la Semaine en 15 Secondes

Cliquez ici pour prendre le quiz!

Statistiques générales

  • Ce quiz a été pris 36 fois
  • Le résultat moyen est 6 sur 7

Statistiques - réponses

La Jour du SemaineJours% Correct
1 JourLundi
97%
2 JourMardi
94%
5 JourVendredi
94%
4 JourJeudi
91%
3 JourMercredi
91%
6 JourSamedi
91%
7 JourDimanche
88%

Distribution des résultats

Percentile par nombre de réponses

% des personnes avec chaque résultat

Votre développement - résultats

Vous n’avez pas pris ce quiz